00609nas a2200205 4500001001000000003000400010005001700014008004100031040003000072043000900102110009100111245003700202260005200239300001600291310001200307362002100319505003100340942001500371999001700386000037054DLC20240917111854.0120209c20059999dr hr1p dd 0 0spa d aDO-SdBNPbspacBNPHUerda anwdr1 aRepública DominicanabJunta Central ElectoralbCámara Contenciosa Electoral96345910aBoletín contenciosa electoral. aSanto Domingo :bJunta Central Electoral (JCE). av. ;c2005. aTrienal1 av. 1 (2003-2005)1 gv. 1.t2003-2004 y 2005 -- 2ddccISSUE c36544d36544